A járás legjobb üzlete

Bibliographic Details
Format: Article
Language:Hungarian
Slovak
PhysicalDescription:Fotogr.
ISSN:1338-9068
Subjects:

MARC

LEADER 00000nab a2200000 a 4500
001 vtls010504296
003 SK-MaSNL
005 20260318132744.0
008 130416|2013 xo m| 000 02hun
015 |a SNBRB2013/04 
038 |a DSZK 
040 |a DSZK  |b slo  |c DSZK  |e AACR2 
041 0 |a hun  |a slo 
044 |a xo  |c SK 
080 |a 339.16.012.34  |x (437.6)  |2 2001 
245 0 0 |a A járás legjobb üzlete  |c [szerző] (ti) 
300 |b Fotogr. 
546 |a Dvojjazyčné vydanie 
610 2 7 |a Jednota COOP.  |b Dozorná rada (Šamorín, Slovensko)  |2 dszk  |9 1194285 
650 0 7 |a výročné schôdze  |2 dszk  |9 520607 
651 7 |a Šamorín (Slovensko)  |2 SNKPHgeo  |9 28925 
773 0 |t Somorja és vidéke=Šamorín a okolie  |g Évf. XXIII, sz. 4 (2013), o. 7  |x 1338-9068 
852 |a DSZK  |b KIS3GCP 
958 |a HU 
958 |a SK 
999 |c 2078490  |d 2080420